00885nam a2200265 a 4500008004100000020003200041040002500073041001300098044001100111080001200122100002600134245010900160250001300269260004800282300002800330490002000358500002200378700002400400700002600424700002400450700002600474958000600500999001700506952009600523951214s1988||||[C 0 slo c c22 Kčs. q(35200 výtl.) aSNKbslocSNKeAACR21 aslohswe axocSK a839.7-31 aLundkvist, Artur4aut10aBabylon, neviestka bohovcArtur Lundkvist ; Milan Richter, Milan Richter, Emil Sedlák, Karol Rosmány a1., vyd. aBratislavabSmenac1988eBratislavafPravda a239 s., 14,31 AHc20 cm0 aMájvZv. 509. aIlustr. na front.1 aRichter, Milan4trl1 aRichter, Milan4[ADC]1 aSedlák, Emil4bkd1 aRosmány, Karol4bkd aA c12043d12043 001040708Ka10000b10000d2019-11-29g22.00i11346oB 5481r2019-11-29w2019-11-29yKLDO